Автоматика и приборостроение: [сборник]

Библиографические подробности
Автор-организация: Харьковский политехнический институт (ХПИ)
Язык:русский
Опубликовано: Харьков, Основа, 1974-1991
Серии:Вестник Харьковского политехнического института
Формат: MixedMaterials Книга
Запись в KOHA:https://koha.lib.tpu.ru/cgi-bin/koha/opac-detail.pl?biblionumber=131566

MARC

LEADER 00000nam1a2200000 4500
001 131566
005 20231031134517.0
035 |a (RuTPU)RU\TPU\book\142493 
090 |a 131566 
100 |a 20080219d1974 k y0rusy5003 ca 
101 0 |a rus 
102 |a UA 
200 1 |a Автоматика и приборостроение  |e [сборник]  |f Харьковский политехнический институт (ХПИ) 
210 |a Харьков  |c Основа  |c Вища школа  |d 1974-1991 
225 1 |a Вестник Харьковского политехнического института 
305 |a Основан в 1974 г. 
712 0 2 |a Харьковский политехнический институт (ХПИ)  |c (1929- )  |2 stltpush  |3 (RuTPU)RU\TPU\col\291 
801 0 |a RU  |b RuMRKP  |c 19950417  |g psbo 
801 1 |a RU  |b 63413507  |c 20080219  |g PSBO 
801 2 |a RU  |b 63413507  |c 20170803  |g PSBO 
942 |c BK